Heat exchangers : (Record no. 19355)
[ view plain ]
| 000 -LEADER | |
|---|---|
| fixed length control field | 01006cam a2200289 a 4500 |
| 001 - CONTROL NUMBER | |
| control field | 17131868 |
| 005 - DATE AND TIME OF LATEST TRANSACTION | |
| control field | 20160313112257.0 |
| 008 - FIXED-LENGTH DATA ELEMENTS--GENERAL INFORMATION | |
| fixed length control field | 120124t2012 flude frb 001 0 eng d |
| 020 ## - INTERNATIONAL STANDARD BOOK NUMBER | |
| International Standard Book Number | 9781439849903 |
| 020 ## - INTERNATIONAL STANDARD BOOK NUMBER | |
| International Standard Book Number | 1439849900 |
| 040 ## - CATALOGING SOURCE | |
| Original cataloging agency | DLC |
| Language of cataloging | eng |
| Transcribing agency | DLC |
| Modifying agency | YDX |
| -- | BTCTA |
| -- | YDXCP |
| -- | UKMGB |
| -- | BWX |
| -- | DLC |
| -- | EG-ScBUE |
| -- | EG-ScBUE |
| 082 04 - DEWEY DECIMAL CLASSIFICATION NUMBER | |
| Classification number | 621.4025 |
| Item number | KAK |
| Edition number | 22 |
| 100 1# - MAIN ENTRY--PERSONAL NAME | |
| Personal name | Kakaç, S. |
| Fuller form of name | (Sadık) |
| 245 10 - TITLE STATEMENT | |
| Title | Heat exchangers : |
| Remainder of title | selection, rating, and thermal design / |
| Statement of responsibility, etc | Sadık Kakaç, Hongtan Liu, Anchasa Pramuanjaroenkij. |
| 250 ## - EDITION STATEMENT | |
| Edition statement | 3rd ed. |
| 260 ## - PUBLICATION, DISTRIBUTION, ETC. (IMPRINT) | |
| Place of publication, distribution, etc | Boca Raton : |
| Name of publisher, distributor, etc | CRC Press / Taylor & Francis Group, |
| Date of publication, distribution, etc | c.2012. |
| 300 ## - PHYSICAL DESCRIPTION | |
| Extent | xvi, 615 p. : |
| Other physical details | chart, plans ; |
| Dimensions | 25 cm. |
| 500 ## - GENERAL NOTE | |
| General note | Index : p. 607-615. |
| 500 ## - GENERAL NOTE | |
| General note | Includes appendices. |
| 504 ## - BIBLIOGRAPHY, ETC. NOTE | |
| Bibliography, etc | Includes bibliographical references. |
| 650 #7 - SUBJECT ADDED ENTRY--TOPICAL TERM | |
| Topical term or geographic name as entry element | Heat exchangers. |
| Source of heading or term | BUEsh |
| 9 (RLIN) | 39522 |
| 651 ## - SUBJECT ADDED ENTRY--GEOGRAPHIC NAME | |
| Source of heading or term | BUEsh |
| 653 ## - INDEX TERM--UNCONTROLLED | |
| Resource For college | Engineering, Mechanical |
| Arrived date list | May2015 |
| -- | March2016 |
| 700 1# - ADDED ENTRY--PERSONAL NAME | |
| Personal name | Pramuanjaroenkij, A. |
| Fuller form of name | (Anchasa) |
| 700 1# - ADDED ENTRY--PERSONAL NAME | |
| Personal name | Liu, Hongtan. |
| 942 ## - ADDED ENTRY ELEMENTS (KOHA) | |
| Source of classification or shelving scheme | Dewey Decimal Classification |
| Call number prefix | 621.4025 KAK |
| Withdrawn status | Item status | Source of classification or shelving scheme | Damaged status | Not for loan | Vendor | Home library | Current library | Shelving location | Date acquired | Source of acquisition | Cost, normal purchase price | Total Checkouts | Total Renewals | Full call number | Barcode | Date last seen | Date last borrowed | Cost, replacement price | Koha item type |
|---|---|---|---|---|---|---|---|---|---|---|---|---|---|---|---|---|---|---|---|
| Dewey Decimal Classification | Baccah | Central Library | Central Library | First floor | 14/05/2015 | 680.00 | 7 | 70 | 621.4025 KAK | 000038220 | 15/07/2025 | 20/02/2022 | 850.00 | Book - Borrowing | |||||
| Dewey Decimal Classification | Baccah | Central Library | Central Library | First floor | 13/03/2016 | Purchase | 350.00 | 1 | 1 | 621.4025 KAK | 000031990 | 15/07/2025 | 04/03/2019 | 438.00 | NB - Book (Non borrowing) | ||||
| Dewey Decimal Classification | Baccah | Central Library | Central Library | First floor | 13/03/2016 | Purchase | 350.00 | 9 | 109 | 621.4025 KAK | 000031991 | 15/07/2025 | 06/11/2021 | 438.00 | Book - Borrowing | ||||
| Dewey Decimal Classification | Baccah | Central Library | Central Library | First floor | 13/03/2016 | Purchase | 6 | 99 | 621.4025 KAK | 000031992 | 15/07/2025 | 04/10/2023 | Book - Borrowing |